000 01095cam a2200325 i 4500
001 17697873
003 EG-ScBUE
005 20241015111120.0
008 130415t2013 nyua f bd 001 0 eng d
020 _a9781461472964
040 _aDLC
_beng
_erda
_cDLC
_dDLC
_dEG-ScBUE
082 0 4 _a515.35
_bCON
_222
100 1 _aConstanda, C.
_q(Christian)
_eauthor.
_937975
245 1 0 _aDifferential equations :
_ba primer for scientists and engineers /
_cChristian Constanda.
264 1 _aNew York :
_bSpringer,
_c[2013]
264 4 _cc2013
300 _axv, 263 pages :
_billustrations ;
_c25 cm.
336 _2rdacontent
_atext
_btxt
337 _aunmediated
_2rdamedia
_bn
338 _avolume
_bnc
_2rdacarrier
490 0 _aSpringer undergraduate texts in mathematics and technology
500 _aIncludes appendices.
500 _aIncludes glossary.
504 _aIncludes bibliographical references and index.
650 7 _aDifferential equations.
_2BUEsh
_92040
650 7 _aMathematics.
_2BUEsh
_92018
653 _bENGGEN
_cMay2015
655 _vReading book
_934232
942 _2ddc
_cBB
999 _c19277
_d19249